| 000 | 00411nam a22001697a 4500 | ||
|---|---|---|---|
| 003 | MPLRDC | ||
| 005 | 20220104114631.0 | ||
| 008 | 210129b ||||| |||| 00| 0 eng d | ||
| 082 | _a192.1 ZSM v.5 | ||
| 100 | _a陈逸群译 | ||
| 245 |
_a如何开拓快乐人生 _c |
||
| 260 |
_a _b将门文物出版社 _c1986 |
||
| 300 | _b平 | ||
| 490 | _a真善美书系 | ||
| 650 | _a修身 | ||
| 942 |
_cBK _o192.1 ZSM v.5 |
||
| 999 |
_c9008 _d8998 |
||